Indicaciones sobre el concepto y plan de la ciencia económica (Record no. 162114)

MARC details
000 -LEADER
campo de control de longitud fija 00844nam a22001935i 4500
001 - NÚMERO DE CONTROL
campo de control 162114
003 - IDENTIFICADOR DE NÚMERO DE CONTROL
campo de control ES-MaACL
005 - FECHA Y HORA DE LA ÚLTIMA TRANSACCIÓN
campo de control 20251121161548.0
008 - DATOS DE LONGITUD FIJA--INFORMACIÓN GENERAL
campo de control de longitud fija 041103s1874 sp |||| | spa d
040 ## - FUENTE DE CATALOGACIÓN
Centro catalogador/agencia de origen CAM
Lengua de catalogación spa
Centro/agencia transcriptor CAM
100 1# - ENTRADA PRINCIPAL--NOMBRE DE PERSONA
Nombre de persona Piernas Hurtado, José María.
9 (RLIN) 91942
245 10 - MENCIÓN DEL TÍTULO
Título Indicaciones sobre el concepto y plan de la ciencia económica
Resto del título : escritas para servir de apéndice al Tratado didáctico de economía política del Sr. Carreras y González /
Mención de responsabilidad, etc. por José M. Piernas y Hurtado.
260 ## - PUBLICACIÓN, DISTRIBUCIÓN, ETC.
Lugar de publicación, distribución, etc. Madrid :
Nombre del editor, distribuidor, etc. [s.n.],
Fecha de publicación, distribución, etc. 1874 (
Fabricante Imprenta y libreria de Miguel Guijarro)
300 ## - DESCRIPCIÓN FÍSICA
Extensión 31 p. ;
Dimensiones 21 cm.
600 #0 - PUNTO DE ACCESO ADICIONAL DE MATERIA--NOMBRE DE PERSONA
Nombre de persona Carreras y González, Mariano
9 (RLIN) 227072
650 07 - PUNTO DE ACCESO ADICIONAL DE MATERIA--TÉRMINO DE MATERIA
Término de materia o nombre geográfico como elemento de entrada Economía
Fuente del encabezamiento o término embne
9 (RLIN) 12006
852 ## - LOCALIZACIÓN
Ubicación ES-MaACL
Número de control de estantería T-169-F-5
Nota libre -- Enc. hol.
condición física -- Falto de la cub. original
Nota libre -- Enc. en un vol. facticio
Holdings
Estatus retirado Estado de pérdida Estado de daño No para préstamo Colección Biblioteca de origen Biblioteca actual Ubicación en estantería Fecha de adquisición Total de préstamos Signatura topográfica completa Código de barras Visto por última vez Precio de reemplazo Tipo de ítem Koha
        Colección de folletos Biblioteca del Ateneo de Madrid Biblioteca del Ateneo de Madrid Depósito folletos 17/01/2008   T-169-F-5 1169830 23/02/2023 23/02/2023 Folleto